000
00320nam a22001457a 4500
008
230418b ||||| |||| 00| 0 eng d
020
_a
9781785334009
041
_a
eng
080
_a
615.83
082
_a
615.83THE
100
_a
16
101
_a
EGZF
245
_a
FROM CLANS TO COOPS
_c
THEODOROS R
942
_2
udc
_c
BK
999
_c
59591
_d
59591